Manlleu, el Ter i el Canal Industrial, materials per a una exposició
Descripción Física:
66 p. : il., 30 cm
Colección:
Museu de Manlleu ; 1
Otros Autores:
Museu de Manlleu
MARC
| LEADER | 00000nam a2200000Ia 4500 | ||
|---|---|---|---|
| 001 | 12417 | ||
| 008 | 160829s9999 xx 000 0 cat d | ||
| 080 | |a C-1-56 | ||
| 245 | |a Manlleu, el Ter i el Canal Industrial, materials per a una exposició | ||
| 260 | |a Manlleu : |b Museu de Manlleu, DL 1996 | ||
| 300 | |a 66 p. : |b il., 30 cm | ||
| 490 | |a Museu de Manlleu ; 1 | ||
| 590 | |a Exposició realitzada a les dependències del Museu Municipal de Manlleu entre el 14 d'agost de 1995 i la fira de Reis de 1995. Dirigida, dissenyada i realitzada per l'arquitecte Miquel Surinyach i coordinada per la directora del Museu, Dolors Arumí | ||
| 650 | |a Urbanisme |x Manlleu |x Projectes |9 37069 | ||
| 650 | |a Manlleu, Canal Industrial de |9 37070 | ||
| 700 | |a Museu de Manlleu |9 26099 | ||
| 901 | |a Arxiu | ||
| 942 | |n 1 | ||
| 952 | |0 0 |1 0 |4 0 |6 C156 |7 1 |9 47632 |a Arxiu |b Arxiu |d 2016-12-01 |l 0 |o C-1-56 |p 12417 |r 2016-12-01 00:00:00 |w 2016-12-01 |y ARXIU | ||
| 999 | |c 51431 |d 51431 | ||